Normal view
MARC view
Entry Personal Name
001 - CONTROL NUMBER
- control field: 754877
003 - CONTROL NUMBER IDENTIFIER
- control field: OSt
005 - DATE AND TIME OF LATEST TRANSACTION
- control field: 20250507100915.0
008 - FIXED-LENGTH DATA ELEMENTS
- fixed length control field: 250507|| aca||aabn | a|a d
040 ## - CATALOGING SOURCE
- Original cataloging agency: OSt
- Transcribing agency: OSt
100 ## - HEADING--PERSONAL NAME
- Personal name: Vehtari, Aki
670 ## - SOURCE DATA FOUND
- Source citation: Work cat.: (OSt)1312940: Gelman, Andrew, Active statistics: Stories, Games problems, and hand-on demonstrations for applied regression and causal inference, 2024
